Sociology and social work / (Record no. 730)

MARC details
000 -LEADER
fixed length control field 01046nam a22003617a 4500
001 - CONTROL NUMBER
control field 22557427
005 - DATE AND TIME OF LATEST TRANSACTION
control field 20231102150032.0
008 - FIXED-LENGTH DATA ELEMENTS--GENERAL INFORMATION
fixed length control field 231102b |||||||| |||| 00| 0 eng d
010 ## - LIBRARY OF CONGRESS CONTROL NUMBER
LC control number 2022939186
020 ## - INTERNATIONAL STANDARD BOOK NUMBER
International Standard Book Number 9781526464293
Qualifying information (paperback)
020 ## - INTERNATIONAL STANDARD BOOK NUMBER
Canceled/invalid ISBN 9781526472748
Qualifying information (epub)
040 ## - CATALOGING SOURCE
Original cataloging agency DLC
Language of cataloging eng
Description conventions rda
Transcribing agency KMU
Modifying agency KMU
042 ## - AUTHENTICATION CODE
Authentication code pcc
050 ## - LIBRARY OF CONGRESS CALL NUMBER
Classification number HV 40
100 1# - MAIN ENTRY--PERSONAL NAME
Personal name Cunningham, Jo,
Relator term author.
245 10 - TITLE STATEMENT
Title Sociology and social work /
Statement of responsibility, etc. Jo Cunningham, Steve Cunningham and Alice O'Sullivan
250 ## - EDITION STATEMENT
Edition statement 3.
263 ## - PROJECTED PUBLICATION DATE
Projected publication date 2210
264 #1 - PRODUCTION, PUBLICATION, DISTRIBUTION, MANUFACTURE, AND COPYRIGHT NOTICE
Place of production, publication, distribution, manufacture London:
Name of producer, publisher, distributor, manufacturer Sage,
Date of production, publication, distribution, manufacture, or copyright notice 2023.
300 ## - PHYSICAL DESCRIPTION
Extent xxviii,298.:
Dimensions 23cm
336 ## - CONTENT TYPE
Content type term text
Content type code txt
Source rdacontent
337 ## - MEDIA TYPE
Media type term unmediated
Media type code n
Source rdamedia
338 ## - CARRIER TYPE
Carrier type term volume
Carrier type code nc
Source rdacarrier
500 ## - GENERAL NOTE
General note Includes an index
650 ## - SUBJECT ADDED ENTRY--TOPICAL TERM
Source of heading or term oclc
Topical term or geographic name entry element Social development
650 ## - SUBJECT ADDED ENTRY--TOPICAL TERM
Source of heading or term oclc
Topical term or geographic name entry element Social Sciences
700 ## - ADDED ENTRY--PERSONAL NAME
Personal name Cunningham, Jo,
700 ## - ADDED ENTRY--PERSONAL NAME
Personal name Cunningham, Steve,
700 ## - ADDED ENTRY--PERSONAL NAME
Personal name O'Sullivan, Alice
906 ## - LOCAL DATA ELEMENT F, LDF (RLIN)
a 0
b ibc
c orignew
d 2
e epcn
f 20
g y-gencatlg
942 ## - ADDED ENTRY ELEMENTS (KOHA)
Source of classification or shelving scheme Library of Congress Classification
Koha item type Non-Fiction
Suppress in OPAC No
Holdings
Withdrawn status Lost status Source of classification or shelving scheme Damaged status Not for loan Collection Home library Current library Shelving location Date acquired Source of acquisition Total Checkouts Full call number Barcode Date last seen Price effective from Koha item type
    Library of Congress Classification     Non-fiction Kapasa Makasa University Kapasa Makasa University Open Access 02.11.2023 ZLS   HV 40 Cun 300651 02.11.2023 02.11.2023 Non-Fiction